000 00737nam a22001817a 4500
005 20231229154007.0
010 _aHIN-115486
020 _c450.00
_a9789384579265
035 _aHN-87832
037 _bDBAD/PUB
082 _a201.1
100 _aगौड़,रामशरण
_960453
245 _aब्रज लोक साहित्य और लोक संस्कृति /
_cरामशरण गौड़
260 _aदिल्ली
_bअनिल प्रकाशन
_c2016
270 _bदिल्ली
_a2619,न्यू मार्किट, नई सड़क,
_e110006
300 _a240पृ.;
_c22 सेमी (सजिल्द)
942 _2ddc
_cHN
_h201.1
_mगौड़रा
999 _c159851
_d159851